De la professionnalité desétudiants à leur employabilité, n'y a-t-il qu'un pas? (Registro nro. 50186)
[ vista simple ]
| 000 -CABECERA | |
|---|---|
| Longitud fija campo de control | 01222naa a2200313 c 4500 |
| 001 - NÚMERO DE CONTROL | |
| Número de control | 50186 |
| 003 - IDENTIFICADOR DE NÚMERO DE CONTROL | |
| Identificador del número de control | ES-MaCES |
| 005 - FECHA Y HORA DE LA ÚLTIMA TRANSACCIÓN | |
| Fecha y hora de la última transacción | 20171103133255.0 |
| 008 - CAMPO FIJO DE DESCRIPCIÓN FIJA--INFORMACIÓN GENERAL | |
| Códigos de información de longitud fija | 171103s2017 fr ||||| t||||||| ||fre d |
| 040 ## - FUENTE DE CATALOGACIÓN | |
| Centro catalogador de origen | ES-MaCES |
| Lengua de catalogación | spa |
| Centro transcriptor | ES-MaCES |
| Centro modificado | ES-MaCES |
| 100 1# - ENCABEZAMIENTO PRINCIPAL--NOMBRE PERSONAL | |
| 9 (RLIN) | 7366 |
| Nombre de persona | Béduwé, Catherine |
| 245 10 - MENCIÓN DE TÍTULO | |
| Título | De la professionnalité desétudiants à leur employabilité, n'y a-t-il qu'un pas? |
| Mención de responsabilidad, etc. | Catherine Béduwé, Virginie Mora |
| 500 ## - NOTA GENERAL | |
| Nota general | Resumen |
| 504 ## - NOTA DE BIBLIOGRAFÍA, ETC. | |
| Nota de bibliografía, etc. | Bibliografía: p. 75-77 |
| 650 #4 - ASIENTO SECUNDARIO DE MATERIA--TÉRMINO DE MATERIA | |
| 9 (RLIN) | 29942 |
| Término de materia o nombre geográfico como elemento inicial | inserción profesional |
| 650 #4 - ASIENTO SECUNDARIO DE MATERIA--TÉRMINO DE MATERIA | |
| 9 (RLIN) | 29538 |
| Término de materia o nombre geográfico como elemento inicial | iniciación profesional |
| 650 #4 - ASIENTO SECUNDARIO DE MATERIA--TÉRMINO DE MATERIA | |
| 9 (RLIN) | 29447 |
| Término de materia o nombre geográfico como elemento inicial | transición a la vida profesional |
| 650 #4 - ASIENTO SECUNDARIO DE MATERIA--TÉRMINO DE MATERIA | |
| 9 (RLIN) | 27441 |
| Término de materia o nombre geográfico como elemento inicial | estudiante |
| 650 #4 - ASIENTO SECUNDARIO DE MATERIA--TÉRMINO DE MATERIA | |
| 9 (RLIN) | 27379 |
| Término de materia o nombre geográfico como elemento inicial | enseñanza superior |
| 650 #4 - ASIENTO SECUNDARIO DE MATERIA--TÉRMINO DE MATERIA | |
| 9 (RLIN) | 28319 |
| Término de materia o nombre geográfico como elemento inicial | calificación profesional |
| 650 #4 - ASIENTO SECUNDARIO DE MATERIA--TÉRMINO DE MATERIA | |
| 9 (RLIN) | 29952 |
| Término de materia o nombre geográfico como elemento inicial | nivel de calificación |
| 650 #4 - ASIENTO SECUNDARIO DE MATERIA--TÉRMINO DE MATERIA | |
| 9 (RLIN) | 29976 |
| Término de materia o nombre geográfico como elemento inicial | relación formación empleo |
| 650 #4 - ASIENTO SECUNDARIO DE MATERIA--TÉRMINO DE MATERIA | |
| 9 (RLIN) | 29674 |
| Término de materia o nombre geográfico como elemento inicial | empleabilidad |
| 653 10 - TÉRMINO DE INDEXACIÓN--NO CONTROLADO | |
| Término no controlado | Empleo |
| 700 ## - ENCABEZAMIENTO SECUNDARIO--NOMBRE PERSONAL | |
| 9 (RLIN) | 38682 |
| Nombre de persona | Mora, Virginie |
| 773 0# - ENTRADA DE DOCUMENTO FUENTE | |
| Itemnumber del ítem fuente | 86495 |
| Lugar, editor y fecha de publicación | Paris (Quai Voltaire, 29-31, 75344, Cedex 07) La Documentation française |
| Otro identificador del documento | 089392 |
| Título | Formation emploi |
| Número de control del registro relacionado | (ES-MaCES)25406 |
| Parte(s) relacionada(s) | nº 138 (avril-juin 2017) {10396 R. 089392} ;p. 59-77 |
| 902 ## - CES. TIPO DE DOCUMENTO | |
| Tipodoc (006$c Sirtex) | ART Artículo de revista |
| 942 ## - ELEMENTOS KOHA | |
| Fuente de clasificaión o esquema | Clasificación propia del CES |
| Koha [por defecto] tipo de item | Artículos (1982-2017) |
| Parte de clasificación | Relaciones Laborales y Rel. Lab.- Empleo |
No hay ítems disponibles.
